| 000 | 01206cam a2200325 a 4500 | ||
|---|---|---|---|
| 001 | 3556986 | ||
| 003 | OSt | ||
| 005 | 20231205145028.0 | ||
| 008 | 971016s1997 ii a b 000 0deng | ||
| 010 | _a 97903276 | ||
| 020 | _a0195637917 | ||
| 025 | _aI-E-97-903276; 60-13 | ||
| 040 |
_aDLC _cDLC _dDLC |
||
| 042 | _alcode | ||
| 043 | _aa-ii--- | ||
| 050 | 0 | 0 |
_aDS461.3 _b.A42 1997 |
| 082 | 0 | 0 |
_a954.025 _bHAB/A |
| 245 | 0 | 0 |
_aAkbar and his India / _cedited by Irfan Habib. |
| 260 |
_aDelhi : _bOxford University Press, _c1997. |
||
| 300 |
_avii, 315 p. : _bill. ; _c22 cm. |
||
| 504 | _aIncludes bibliographical references. | ||
| 520 | _aContributed articles on history of India during the time of Akbar, Emperor of Hindustan, 1542-1605. | ||
| 600 | 0 | 0 |
_aAkbar, _cEmperor of Hindustan, _d1542-1605. |
| 651 | 0 |
_aMogul Empire _xHistory. |
|
| 700 |
_aHabib, Irfan _d1931- _92538 |
||
| 856 | 4 | 2 |
_3Publisher description _uhttp://www.loc.gov/catdir/enhancements/fy0606/97903276-d.html |
| 906 |
_a7 _bcbc _corigode _d3 _encip _f19 _gy-gencatlg |
||
| 942 |
_2ddc _cBK _h954.025 _iHAB/A _k954.025 _mHAB/A |
||
| 999 |
_c43802 _d43802 |
||